Music Quiz

Random Music or Clickable Quiz
Score 0/26 Timer 05:00
2 Plays Today
% Correct
A Flock of Seagulls
92.6%
Men Without Hats
89.5%
Echo & the Bunnymen
83.4%
Bow Wow Wow
80.1%
Kajagoogoo
77.8%
Erasure
77.1%
Orchestral Manoeuvres In The Dark
76.6%
Oingo Boingo
75.3%
Tom Tom Club
69.6%
The Georgia Satellites
68.5%
T'Pau
63.7%
Swing Out Sister
63.1%
Hüsker Dü
63%
% Correct
Timbuk3
62.3%
Haircut One Hundred
61.4%
Information Society
60.8%
Klymaxx
57.4%
Aztec Camera
56.7%
Quarterflash
55.4%
Nu Shooz
54.7%
Alien Sex Fiend
52.6%
Strawberry Switchblade
44.3%
Doug and the Slugs
34.8%
Blue Murder
32.9%
Saraya
29.3%
Virgin Prunes
26.9%
Remove Ads.
Support Sporcle.
Get the best of Sporcle when you Go Orange. This ad-free experience offers more features, more stats, and more fun while also helping to support Sporcle. Thank you for becoming a member.

You're not logged in!

Compare scores with friends on all Sporcle quizzes.
OR
Log In

Show Comments

Extras

Top Quizzes Today


Score Distribution

Your Account Isn't Verified!

In order to create a playlist on Sporcle, you need to verify the email address you used during registration. Go to your Sporcle Settings to finish the process.

Report this User

Report this user for behavior that violates our Community Guidelines.

Details: